| 000 | 02201nam a22003614a 4500 | ||
|---|---|---|---|
| 001 | ebr10233239 | ||
| 003 | CaPaEBR | ||
| 006 | m u | ||
| 007 | cr cn||||||||| | ||
| 008 | 070827s2007 njua sb 001 0 eng | ||
| 010 | _z 2007035537 | ||
| 020 | _z9780470030691 (cloth : alk. paper) | ||
| 040 |
_aCaPaEBR _cCaPaEBR |
||
| 035 | _a(OCoLC)608622893 | ||
| 043 |
_aa------ _af------ |
||
| 050 | 1 | 4 |
_aHG3368.A6 _bA98 2007eb |
| 082 | 0 | 4 |
_a332.0917/67 _222 |
| 100 | 1 |
_aAyub, Muhammad, _d1951- |
|
| 245 | 1 | 0 |
_aUnderstanding Islamic finance _h[electronic resource] / _cMuhammad Ayub. |
| 260 |
_aHoboken, NJ : _bJohn Wiley & Sons, _cc2007. |
||
| 300 |
_axxvi, 516 p. : _bill. |
||
| 490 | 1 | _aWiley finance series | |
| 504 | _aIncludes bibliographical references (p. 497-504) and index. | ||
| 505 | 0 | _aDistinguishing features of the Islamic economic system -- The main prohibitions and business ethics in Islamic economics and finance -- The philosophy and features of Islamic finance -- Islamic law of contracts and business transactions -- Trading in Islamic commercial law -- Loan and debt in Islamic commercial law -- Overview of financial institutions and products: conventional and Islamic -- Murabaha and musawamah -- Forward sales : salam and istisna'a -- Ijarah / leasing -- Participatory modes : shirkah and its variants -- Some accessory contracts -- Application of the system : financing principles and practices -- Sukuh and securitization : vital issues in Islamic capital markets -- Takaful : an alternative to conventional insurance -- An appraisal of common criticism of Islamic banking and finance -- The way forward. | |
| 533 |
_aElectronic reproduction. _bPalo Alto, Calif. : _cebrary, _d2013. _nAvailable via World Wide Web. _nAccess may be limited to ebrary affiliated libraries. |
||
| 650 | 0 |
_aFinance _zIslamic countries. |
|
| 650 | 0 |
_aFinance _xReligious aspects _xIslam. |
|
| 650 | 0 |
_aEconomics _xReligious aspects _xIslam. |
|
| 655 | 7 |
_aElectronic books. _2local |
|
| 710 | 2 | _aebrary, Inc. | |
| 830 | 0 | _aWiley finance series. | |
| 856 | 4 | 0 |
_uhttp://site.ebrary.com/lib/rucke/Doc?id=10233239 _zAn electronic book accessible through the World Wide Web; click to view |
| 999 |
_c38082 _d38082 |
||